Responses for show #3353 - Wednesday, March 17, 1999

Contestants

[<< previous game]

Rachel Stohl, a research analyst from Arlington, Virginia

Barry Hren, a writer originally from Wheaton, Illinois

Betsy Mills, a homemaker from Monticello, Illinois (whose 1-day cash winnings total $2,199)

[next game >>]

Jeopardy! Round responses

ST. PATRICK'S DAY
(Alex: Of course - that's what it is!)
FILM CHARACTERS
CONSUMER PRODUCTS
HURRICANE NAMES
BIOLOGY
THE LUCK OF THE "IRISH"
    $100 11
Cape Canaveral

Betsy
    $100 6
Rhett Butler

Betsy
    $100 16
Raid

Betsy
    $100 21
Gloria

Barry
    $100 19
Viruses

Betsy
    $100 1
Irish Spring

Betsy
    $200 12
Nat King Cole

Barry
    $200 7
Jerry Maguire

Barry
    $500 17
Fruit of the Loom

Betsy
    $200 22
Bob

Rachel
    $200 27
Animal

Betsy
    $200 2
Irish whiskey

Barry
    $300 13
(Betsy: Who are the Girl Scouts?)

Camp Fire Girls

Betsy
Triple Stumper
    $300 8
Forrest Gump

Betsy
    $300 18
(Barry: What is Nike?)

Reebok

BarryRachel
    $300 23
Janet

Barry
    $300 28
Central Nervous System

Betsy
    $300 3
Irish Sea

Betsy
    $400 14
Maori

Betsy
    $400 9
Sam Spade

Triple Stumper
    $400 20
Shredded Wheat

Rachel
    $400 24
Alicia

Betsy
    $400 29
Tendons

Betsy
    $400 4
(Barry: What is an Irish setter?)

Irish wolfhound

BetsyBarry
    $500 15
Rudolf Nureyev

Betsy
    $500 10
Dr. Frank N. Furter

Barry
    $500 25
Formula 409

Betsy
    $500 26
Frederic

Barry
    $500 30
(Barry: What is chlorophyll?)
(Betsy: What is wood?)

Cellulose

BetsyBarry
Triple Stumper
    $500 5
Irish Republican Army

Rachel

Scores at the first commercial break (after clue 15):

Betsy Barry Rachel
$1,900 $700 $500

Scores at the end of the Jeopardy! Round:

Betsy Barry Rachel
$3,900 $800 $1,400

Double Jeopardy! Round responses

CLASSICAL MUSIC
COLLEGE SPORTS NICKNAMES
NAME THE PARENTS
CROATIAN POTPOURRI
CINDERELLA STORIES
DOUBLE TALK
    $200 2
Richard Wagner

Barry
    $200 1
John Jay

Betsy
    $200 14
John Lennon & Yoko Ono

Betsy
    $200 25
Basketball

Barry
    $200 11
Jerry Lewis

Barry
    $200 18
No-no

Barry
    $400 7
Leonard Bernstein

Betsy
    $400 3
Jumbos

Rachel
    $400 16
Mick Jagger & Jerry Hall

Barry
    $400 26
Balkan Peninsula

Betsy
    $400 12
Ever After

Rachel
    $400 19
Hear hear

Barry
    $600 8
Johannes Brahms

Triple Stumper
    $600 4
Maryland (Terrapins)

Rachel
    $600 17
Robert & Ethel Kennedy

Triple Stumper
    $600 27
Zagreb

Triple Stumper
    $600 13
Telenovelas

Triple Stumper
    $600 20
Ya-Ya

Betsy
    $800 9
Georges Bizet

Barry
    $800 5
(Alex: Now that'll put fear into their opponents: Here come the Poets!)

Poets

Barry
    $800 23
David & Bathsheba

Triple Stumper
    $300 28
(Betsy: What is the Mediterranean?)

Adriatic Sea

Betsy
    $800 15
Gioachino Rossini

Rachel
    $800 21
Putt-Putt

Betsy
    $1000 10
Edgar Allan Poe

Rachel
    $1000 6
(Betsy: What is North Carolina?)

Wake Forest

BetsyBarry
    $900 24
Henry VIII & Anne Boleyn

Betsy
    $1000 30
Nikola Tesla

Triple Stumper
    $1000 29
Charles Perrault

Betsy
    $1000 22
(Betsy: What is pricey?)

Chichi

Betsy
Triple Stumper

Scores at the end of the Double Jeopardy! Round:

Betsy Barry Rachel
$6,100 $5,000 $4,600

[wagering suggestions for these scores]

Final Jeopardy! Round responses

IRISH-BORN AUTHORS
(Alex: How appropriate!)
(Alex: The author of "Dracula".)
RachelWho is George Bernard Shaw?
$3,500
BarryWho is Bram Stoker?
$4,201
BetsyWho is Frank McCourt?
$3,901
Bram Stoker

Final scores:

Betsy Barry Rachel
$2,199 $9,201 $1,100
2nd place: Trip to Ireland courtesy of Collette Tours New champion: $9,201 3rd place: Tasco Recreational Optics

Game dynamics:

Coryat scores:

Betsy Barry Rachel
$6,200 $5,000 $4,600
24 R
(including 2 DDs),
5 W
(including 1 DD)
16 R,
3 W
9 R,
0 W

Combined Coryat: $15,800

The J! Archive is created by fans, for fans. The Jeopardy! game show and all elements thereof, including but not limited to copyright and trademark thereto, are the property of Jeopardy Productions, Inc. and are protected under law. This website is not affiliated with, sponsored by, or operated by Jeopardy Productions, Inc. Join the discussion at JBoard.tv.